[Event "Poikovsky Karpov 08th"]
[Site "Poikovsky"]
[Date "2007.03.16"]
[Round "2"]
[White "Rublevsky, Sergei"]
[Black "Zhang, Pengxiang"]
[Result "1-0"]
[WhiteElo "2677"]
[BlackElo "2643"]
[Annotator "Ftacnik,L"]
[PlyCount "87"]
[EventDate "2007.03.15"]
[EventType "tourn"]
[EventRounds "9"]
[EventCountry "RUS"]
[EventCategory "17"]
[SourceTitle "CBM 117"]
[Source "ChessBase"]
[SourceDate "2007.03.30"]
[SourceVersion "1"]
[SourceVersionDate "2007.03.30"]
[SourceQuality "1"]

1. e4 c5 2. Nf3 Nc6 3. Bb5 e6 4. O-O Nge7 5. Nc3 Nd4 6. Nxd4 cxd4 7. Ne2 Nc6 8.
c3 Bc5 9. b4 Bb6 10. a4 {Rublevsky is hoping to avoid the positions after 10.
Bb2, that seem to promise black equality.} (10. Bb2 dxc3 11. dxc3 (11. Bxc3 O-O
12. d4 d5 13. e5 a5 14. a3 {1/2 Balashov,Y (2550)-Dragomarezkij,E (2415)/
Kuopio 1992/}) 11... O-O 12. Qd2 (12. a3 Qh4 13. Ng3 Ne5 14. Qd6 f6 15. c4 Nf7
16. Qd2 d6 17. Rac1 Rd8 18. Rfd1 Bc7 19. Qe2 Bd7 20. Bxd7 Rxd7 21. c5 {1-0
Ehlvest,J (2445)-Sveshnikov,E (2535)/Kujbyshev 1986/ (59)}) 12... d5 13. Rad1
dxe4 14. Qf4 e5 $1 (14... Qf6 15. Qxe4 e5 16. Ng3 Be6 17. a4 Bb3 18. Rd7 Rad8
19. Rxd8 Rxd8 20. a5 Bc7 21. a6 Bd5 {1/2 Polgar,J (2630)-Nunn,J (2630)/Monte
Carlo 1995/ (84)}) 15. Rxd8 (15. Qxe4 Bxf2+ $1 16. Kxf2 Qb6+ $15) 15... exf4
16. Rxf8+ Kxf8 17. Nxf4 $11) 10... a6 (10... dxc3 11. dxc3 O-O 12. a5 Bc7 13.
f4 d5 14. e5 f6 15. exf6 Qxf6 16. Be3 Bd7 17. Qd2 a6 18. Ba4 Rad8 19. Bc2 Be8
$2 20. f5 $1 $16 {1-0 Bachmann Schiavo,A (2448)-Valerga,D (2470)/Villa
Martelli 2006/ (49)}) 11. Bxc6 dxc6 (11... bxc6 $2 12. Nxd4 $16) 12. a5 Ba7 13.
cxd4 Bxd4 14. Nxd4 Qxd4 15. Qc2 $1 {The key move of white's concept. Black is
underdeveloped with modest prospects for his pieces so he has to bite the
bullet and eat the rooks.} (15. Rb1 Qxe4 16. Bb2 O-O $15) 15... Qxa1 (15... O-O
16. Bb2 Qd8 17. Ra3 $16) (15... Qxb4 16. Ra4 Qb5 17. Ba3 $16) 16. Bb2 Qxf1+ (
16... Qa2 17. Ra1 Qxa1+ 18. Bxa1 O-O 19. g4 $14) 17. Kxf1 O-O 18. g4 $1 {
[%mdl 1024] White is preparing for the attack against black's pawn structure
on dark squares to limit the bishop b2. If Rublevsky can get through black
will be unable to withstand the pressure on the dark squares.} (18. Qd3 f6 19.
e5 f5 20. f4 $16) 18... f6 (18... f5 19. g5 Bd7 20. Be5 $16) (18... e5 19. g5
f6 20. gxf6 gxf6 21. Qb3+ Kh8 22. f4 $16) 19. h4 (19. Qc4 Bd7 20. f4 Rf7 21. e5
$16) 19... e5 20. Qb3+ {Stealing the optimal square e6 from the black bishop.}
Rf7 (20... Kh8 21. g5 Bg4 22. gxf6 gxf6 23. Qe3 Rf7 24. f4 $16) 21. g5 Bd7 22.
gxf6 gxf6 23. d4 $1 exd4 (23... Re8 24. dxe5 fxe5 25. Qg3+ (25. Bxe5 $6 Bg4 $1
26. Qg3 h5 $14) 25... Rg7 26. Qh2 Rge7 27. h5 $16 {and the possibility of
f2-f4 in the suitable moment makes black's position quite critical.}) 24. Bxd4
Re8 25. f3 Kg7 (25... Re6 26. Qc3 $16) 26. Qe3 h6 {Even though it prevents
Qg5+ black has created yet another wekaness on dark squares.} 27. Qf4 $6 (27.
h5 $1 Kh7 (27... Rg8 28. Qf4 Be6 29. e5 f5 30. Be3 Rh8 31. Qg3+ Kf8 32. Qg6 $18
) 28. Qf4 Rg8 29. Bxf6 Rg5 30. Qd6 Rxh5 31. Kf2 $18) 27... Kg6 28. Kf2 (28. Be3
Rh8 $16) 28... Be6 29. Be3 Rh8 30. Qd6 Bc8 31. f4 Bg4 32. h5+ $5 {Chessplayers
are sometimes hard to understand. White is playing a complicated move instead
of the simple and strong 32.f5+.} (32. f5+ Kh7 (32... Kh5 33. Qe6 Rhh7 34. Bd4
$18) 33. Qf4 h5 (33... Bh5 34. Qxh6+ Kg8 35. Qf4 $18) 34. Qh6+ Kg8 35. Qg6+ Kf8
36. Bc5+ Ke8 37. Ke3 (37. e5 $6 Bxf5 38. Qg3 $16) 37... Bh3 38. e5 fxe5 39.
Qe6+ $18) 32... Kh7 (32... Bxh5 33. f5+ Kh7 34. Qh2 Bd1 35. Qg1 $5 Bh5 36. Qh1
Bg4 37. Qxh6+ Kg8 38. Qg6+ Rg7 39. Qxf6 Rh2+ 40. Kg1 Rh5 41. Bd4 $18) (32...
Kxh5 33. f5 $18) 33. f5 Rg8 34. Bd4 Re8 (34... Bxh5 35. Bxf6 Rg4 36. Ke3 $18) (
34... Rgf8 35. e5 Bxf5 (35... fxe5 36. Qg6+ Kh8 37. Bxe5+) 36. e6 $18) 35. Bxf6
Rxe4 36. Qd8 {Zhang Pengxiang has to part with an exchange and the position is
technically winning for white.} Rxf6 37. Qxf6 Bxh5 38. Qd6 Bf7 (38... Rg4 39.
f6 Kg6 40. Ke3 Rg2 41. f7+ Kxf7 42. Qf4+ Kg8 43. Qb8+ Kh7 44. Qxb7+ $18) 39.
Qc7 Kg7 40. Qxb7 Rf4+ 41. Ke3 Rxf5 42. Qxa6 Re5+ (42... Bd5 43. Qb6 Rf3+ 44.
Kd2 $18) 43. Kd4 Rb5 44. Kc3 1-0

[Event "Tashkent FIDE GP 2nd"]
[Site "Tashkent"]
[Date "2012.11.25"]
[Round "4"]
[White "Caruana, Fabiano"]
[Black "Gelfand, Boris"]
[Result "1-0"]
[WhiteElo "2786"]
[BlackElo "2751"]
[Annotator "Ftacnik,L"]
[PlyCount "117"]
[EventDate "2012.11.22"]
[EventType "tourn"]
[EventRounds "11"]
[EventCountry "UZB"]
[EventCategory "20"]
[SourceTitle "CBM 152"]
[Source "ChessBase"]
[SourceDate "2013.01.15"]
[SourceVersion "1"]
[SourceVersionDate "2013.01.15"]
[SourceQuality "1"]

1. e4 c5 2. Nf3 Nc6 3. Bb5 e6 4. O-O Nge7 5. Re1 Nd4 {Black has build up a
good defence of the knight on c6. Unfortunately his pieces are obstructing
natural development. The move of the knight to d4 aims to complicate the
occupation of the centre.} 6. Nxd4 cxd4 7. d3 a6 8. Ba4 b5 9. Bb3 Bb7 {The
development of the bishop seems natural, but it does not contribute to solving
the the question of the kingside arrangement. More players have trusted the
logical jump of the knight to c6, since the bishop move can be made at any
moment.} (9... Ng6 10. a4 Bb7 11. Nd2 Bc5 12. axb5 axb5 13. Rxa8 Qxa8 14. Qh5
Qc8 15. Nf3 h6 16. h4 O-O 17. Bd2 Rd8 18. Nh2 Bd6 19. Qxb5 Nxh4 $14 {1-0 (40)
Sutovsky,E (2703)-Midonet,M Caleta 2012}) (9... Nc6 10. Nd2 (10. Qg4 Qf6 11.
Nd2 h5 12. Qe2 g5 13. e5 Qg6 14. Qe4 g4 15. Qxg6 fxg6 16. f4 Bb4 17. Re2 Bxd2
18. Bxd2 Ne7 19. Bb4 Nf5 20. Bc5 Bb7 21. c3 dxc3 22. bxc3 h4 $11 {1/2 (44)
Ulibin,M (2518)-Petrosian,T (2606) Cappelle la Grande 2008 Ambitious and
interesting concept for Black.}) (10. f4 Be7 11. Nd2 O-O 12. Nf3 Bb7 13. Kh1
Rc8 14. Bd2 Qb6 15. Qe2 Bc5 16. a4 b4 17. f5 Be7 18. Bg5 Qd8 19. Bf4 Bc5 20.
Bg5 Be7 21. Bf4 Bc5 22. Bg5 {1/2 (22) Horvath,A (2476)-Nedev,T (2476)
Kallithea 2002}) 10... g6 (10... Be7 11. Qh5 O-O 12. Nf3 Qb6 13. Bd2 Bb7 14.
Qg4 {1/2 (14) Meier,G (2558)-So,W (2531) Yerevan 2007}) 11. a4 (11. Nf3 Bg7 12.
Bg5 Qb6 13. e5 h6 14. Bf4 Bb7 15. c3 g5 16. Bg3 dxc3 17. bxc3 Ne7 18. d4 Rc8
19. Rc1 Nf5 20. Qd3 O-O 21. h4 Nxg3 22. fxg3 Bxf3 23. gxf3 d6 $11 {1-0 (40)
Glek,I (2566)-Sherbakov,R (2544) Tomsk 2001}) 11... Bb7 12. e5 Be7 (12... Qc7
13. f4 Na5 {1/2 (13) Ulibin,M (2580)-Rowson,J (2512) Stockholm 2002}) 13. f4 d6
14. exd6 Qxd6 15. Ne4 Qc7 16. Bd2 O-O 17. Ng5 Bf6 18. Qg4 Ne7 19. axb5 axb5 20.
Rxa8 Bxa8 21. Bb4 $14 {1-0 (35) Iordachescu,V (2603)-Moiseenko,A (2649)
Zlatibor 2006 This natural and logical development for White might have been
the reason that Black was looking for alternatives.}) 10. Nd2 Nc6 11. f4 Na5 {
Gelfand is striving to gain the medium term advantage of the two bishops, but
after the strong tactical response by White this ambition will fail.
Development with the help of 11...Qc7 looks much more natural.} (11... Qc7 12.
Nf3 Bd6 13. g3 $11) 12. Bd5 $1 Be7 (12... exd5 $2 13. exd5+ Be7 14. d6 Nc6 15.
dxe7 Nxe7 16. Qe2 $16) (12... Bc6 13. a3 Be7 14. Ba2 Bb7 $13) 13. Bxb7 Nxb7 14.
Nf3 Qb6 15. Qe2 Na5 $6 {Once again Black is stepping with the knight to the
dubious square a5 in order to return to c6. It happens at the moment, when the
position might have still been close to equal if Black would try to finish his
development.} (15... O-O 16. Qf2 Bc5 17. a3 a5 18. f5 f6 19. Bd2 Qc7 $11) 16.
Qf2 Bc5 17. a3 b4 {The fact that Black is forced to play this unseemly move is
indicating that his opening strategy was not fully successful.} (17... Nc6 18.
b4 Be7 19. Bb2 $16) 18. axb4 Bxb4 19. Rf1 (19. c3 Nb3 20. Ra4 Bc5 21. cxd4 Bb4
22. Bd2 Nxd2 23. Nxd2 $14) 19... Bc5 {The latest challenger for the world
crown was clearly having an unlucky day. The slow play in the opening,
unfinished development and the sorry bundle of pieces on the queenside have
brought him to the edge of catastrophe.} (19... O-O 20. Nxd4 Bc5 21. Be3 Nc6
22. Ra4 $14) 20. f5 $1 (20. Qg3 $5 O-O 21. f5 f6 22. Bh6 Rf7 23. e5 $16) 20...
f6 (20... Nc6 21. Qg3 Bf8 22. fxe6 dxe6 23. Bd2 (23. Ng5 Ra7 24. Ra4 Bb4 25.
Qh3 Qb5 $14) 23... a5 24. Ra4 Qb8 25. Bf4 Qxb2 26. Bd6 $16) 21. fxe6 {Caruana
is an exceptionally gifted player, in recent months he has begun to gain
recognition on the highest level. His solution in the critical moment is
suggestive of great fantasy, but it clearly lacks in pure discipline. The
position was ripe for the direct attack and at least two other moves can be
considered more dangerous for the opponent.} (21. Qg3 $5 Rg8 (21... O-O 22. Bh6
Rf7 23. e5 Bf8 24. fxe6 dxe6 25. Ng5 $1 $16) (21... Bf8 22. e5 O-O-O 23. Nd2
$16) 22. fxe6 dxe6 23. Qh3 Kd7 24. Qxh7 $16) (21. e5 O-O 22. Qg3 Kh8 23. Nh4
$16) 21... dxe6 22. b4 $1 Bxb4 23. Rb1 Qc5 (23... Nc6 $2 24. c3 $18) 24. Nxd4
e5 (24... Bc3 25. Be3 Qc8 26. Ne2 $16) 25. Ne6 {White was surely content about
the fact that he is winning the pawn by force. Objectively more dangerous for
Black would have been to attack the kingside at the cost of exchange sacrifice.
} (25. Nf5 Qxf2+ 26. Kxf2 Bf8 27. Bd2 Nc6 28. Rb7 Rg8 29. Ra1 $14) (25. Rxb4 $5
Qxb4 26. Nf5 O-O 27. Bd2 Qa4 28. Bh6 Rf7 29. Bxg7 $16) 25... Qxf2+ 26. Kxf2 Kf7
27. Rxb4 (27. Ng5+ fxg5 28. Rxb4 Rhb8 $14) 27... Kxe6 28. Rb6+ Kd7 29. Bd2 Nc6
30. Rb7+ Ke6 31. Rxg7 a5 {From afar this position must have seemed very
attractive. In reality White's advantage is limited by the counterplay with
Black's passed a-pawn. Gelfand can put up serious resistance.} 32. Ra1 (32. Rc7
Kd6 33. Rb7 Rab8 $14) 32... Rhb8 33. Ra2 (33. Rxh7 Rb2 34. Rc1 Nd4 35. Bc3
Rxc2+ 36. Rxc2 Nxc2 $14) 33... h5 34. Rc7 Rc8 (34... Kd6 35. Rh7 Nb4 36. Bxb4+
Rxb4 37. Rh6 $16) 35. Rb7 (35. Rxc8 Rxc8 36. c3 $16) 35... Rcb8 36. Rh7 Rh8 (
36... a4 $1 37. Rxh5 a3 38. Bc1 Nb4 39. Rxa3 Rxa3 40. Bxa3 Nxc2 41. Bc5 Rb5 $14
) 37. Rxh8 Rxh8 38. Rb2 Ra8 39. c3 Rb8 {[%mdl 4096] The defender was correctly
sensing, that Caruana will not have an easy task even in the endgame without
rooks. Even so the decision to offer the swap of the rooks right before the
time control is somewhat risky. Objectively better might have been the advance
of the a-pawn.} (39... a4 40. Ra2 f5 41. exf5+ Kxf5 42. Kf3 Ne7 $14) 40. Rxb8 (
40. Ra2 f5 41. exf5+ Kxf5 $14) 40... Nxb8 41. Bc1 Nd7 42. Ba3 f5 43. exf5+ Kxf5
44. c4 (44. Kf3 Ke6 45. c4 Nf6 $14) 44... e4 {Black will never feel
comfortable again in this game. There is no continuation that would secure a
truly promising defence.} (44... Nb8 45. Ke3 Nc6 46. Bc5 a4 47. Kd2 e4 48.
dxe4+ Kxe4 49. Kc3 $16) 45. Ke3 (45. d4 Nb6 $1 46. c5 Nd5 47. c6 Ke6 $14) 45...
exd3 46. Kxd3 Ne5+ (46... Ke5 47. Bb2+ Kd6 48. Kd4 Nf6 49. h3 Nd7 50. Ba3+ $16)
47. Kd4 Ke6 48. c5 {Caruana had enough time to grasph that his road to victory
will not be easy at all. In the endgame on the edge between a draw and a win
the choice of the further course of action is not an easy one. White probably
felt that his chances after the tempting 48.Kc5!? would not be sufficiently
real.} (48. Kc5 $5 Ng4 49. h3 Ne3 50. Kb5 Nxg2 51. c5 Kd7 52. c6+ Kc7 53. Bb2
Nh4 54. Be5+ Kc8 55. Kxa5 $16) 48... Nc6+ 49. Kc4 Ne5+ 50. Kd4 (50. Kb5 Kd5 $14
) 50... Nc6+ 51. Ke4 Ne5 52. Bb2 Nc4 (52... Nc6 53. g3 a4 54. h3 $16) 53. Bc3
$6 {Caruana is logically hoping to use the king advance towards the weak pawn
h5. Sometimes it is advisable to make an exception and the retreat of the
bishop to c1 promised better chances for converting the advantage.} (53. Bc1 $1
a4 54. Kd4 Ne5 55. Ba3 Nc6+ 56. Kc4 Ne5+ 57. Kb5 Kd5 58. Kxa4 Kc6 $16) 53... a4
54. h4 (54. Kd4 Na3 55. Ba5 Kd7 56. Kd5 Nc2 57. c6+ Ke7 58. Kc4 a3 59. Kb3 Nd4+
60. Kxa3 Nxc6 $14) 54... a3 55. c6 a2 56. Kf4 Nd6 $2 {Black is intuitively
defending against the threat Kg5 and loses precious time. It is quite tragic
in the moment when the position was already drawn after the correct 56...Kd6!}
(56... Kd6 $1 57. g4 (57. Kg5 Ne3 58. g3 Nf1 $11) 57... hxg4 58. h5 g3 59. Kxg3
Ne3 60. Ba1 Nf5+ 61. Kf4 Nh6 62. Kg5 Ng8 63. Kg6 Kxc6 64. Kg7 Ne7 65. Kf7 Nf5
$11) 57. Ba1 Kd5 58. c7 Kc6 59. Kg5 {A very interesting game with difficult
choices at several moments.} (59. Kg5 Kxc7 60. Kxh5 Kd7 61. Kg6 Ke6 62. h5 Nf7
63. h6 $18) 1-0

[Event "Moscow Tal Memorial 3rd"]
[Site "Moscow"]
[Date "2008.08.25"]
[Round "7"]
[White "Ponomariov, Ruslan"]
[Black "Shirov, Alexei"]
[Result "1-0"]
[WhiteElo "2718"]
[BlackElo "2741"]
[Annotator "Ftacnik,L"]
[PlyCount "75"]
[EventDate "2008.08.18"]
[EventType "tourn"]
[EventRounds "9"]
[EventCountry "RUS"]
[EventCategory "20"]
[SourceTitle "CBM 126"]
[Source "ChessBase"]
[SourceDate "2008.10.01"]
[SourceVersion "1"]
[SourceVersionDate "2008.10.01"]
[SourceQuality "1"]

1. e4 c5 2. Nf3 Nc6 3. Bb5 e6 4. O-O Nge7 5. Re1 a6 6. Bxc6 Nxc6 7. d4 cxd4 8.
Nxd4 e5 {The advance of the pawn from the square e6 is a radical twist in the
strategical solution of the situation. It had not previously been witnessed in
the games of strong players.} 9. Nb3 d6 10. Nc3 f5 11. f4 $1 {Ponomariov rises
to the challenge and due to the development advantage quickly opens the
position despite the bishop pair being in the hands of his opponent.} (11. f3
f4 $5 12. Nd5 Be7 13. Qd3 Be6 $11) (11. exf5 Bxf5 12. Nd5 Be7 13. Be3 O-O 14.
Bb6 Qd7 $11) 11... g6 $2 (11... Be7 12. Be3 O-O 13. Nd5 Be6 14. fxe5 Nxe5 15.
exf5 Bxf5 16. Nb6 $14) 12. fxe5 dxe5 (12... Nxe5 13. Be3 $16) 13. Qxd8+ Kxd8
14. Bg5+ $2 {Shirov's catastrophic reaction to the crises in the opening would
deserve severe punishment. Both super grandmasters have missed the fact that
Black would be confronted with insurmountable problems after the strong
centralisation of the knight.} (14. Nd5 $1 Bd6 (14... f4 15. Rd1 Bg4 16. Rd3
$16) (14... Be7 15. Be3 f4 16. Bb6+ Kd7 17. Rad1 Bd6 18. Nxf4 exf4 19. Bc5 $16)
15. Bg5+ Ke8 16. Rad1 Bb8 17. Be3 f4 18. Bf2 Be6 19. Nc5 $16) 14... Ke8 15.
exf5 Bxf5 (15... gxf5 16. Bf6 Rg8 17. Bxe5 $16) 16. Nd5 (16. Bf6 Rg8 17. Bxe5
Kf7 18. Nd5 Rd8 $14) 16... Kf7 17. Rf1 $1 h6 18. Bh4 Kg8 {Black was able to
weather the storm and at the transition to the middlegame his chances are only
somewhat worse.} (18... h5 $1 19. Rad1 b5 20. Nb6 Rb8 21. Nd7 Rc8 $13) 19. c3 (
19. Ne3 Be6 20. Rf6 Bf7 21. Raf1 Rh7 $11) 19... Bd3 (19... a5 $1 20. Rae1 a4
21. Nd2 Bc5+ 22. Kh1 Rf8 $13) 20. Rfe1 g5 21. Bg3 Rd8 22. Nf6+ Kf7 23. Ng4 $1 {
[%mdl 2048] White is excellently exploiting the fact that his opponent is
still struggling to finish his development and coordinate his pieces.} e4 (
23... Bg7 24. Nxe5+ Nxe5 25. Bxe5 $16) 24. Nf2 Be7 25. Nxe4 Bc4 $2 {The
disadvantage of playing with fire is that the room for tolerable mistakes is
becoming much more narrow. It was necessary to centralise the rook with some
compensation for the missing pawn.} (25... Rd5 26. Bf2 Rhd8 27. Nbc5 $14) 26.
Nbc5 $1 Bxc5+ (26... b6 27. Nb7 $1 $18) (26... b5 27. b3 Bd5 28. Nxa6 $16) 27.
Nxc5 Kg6 28. b3 Bf7 29. Nxb7 {Now two pawns are already missing and
counterplay remains at the level of a pipe dream.} Rd2 (29... Rd3 30. c4 $18)
30. Nd6 (30. Red1 $5 Re2 31. Rd6+ Kh5 32. Rf1 Be8 33. Nc5 $18) 30... Bd5 31.
Ne4 Rc2 (31... Bxe4 32. Rxe4 Rc8 33. Re6+ Kg7 34. a4 $18) 32. c4 Bxe4 33. Rxe4
{On top of all his troubles, Black has to face the difference in the strength
of the bishop against the short legged knight.} Nb4 (33... Rf8 34. Re6+ Rf6 35.
Rxf6+ Kxf6 36. Rd1 $18) 34. Re6+ Kf5 35. Rd6 Rxa2 (35... Nxa2 36. Rf1+ Kg4 37.
Be1 Kh5 38. h3 $18) 36. Rf1+ Ke4 37. Re1+ Kf5 38. h3 {The final punishment is
cruel. Black king is not able to get away from the mating net.} (38. h3 Ra5 39.
c5 $1 Rxc5 40. Bf2 Rc6 (40... Rcc8 41. g4+ Kf4 42. Rf6#) 41. g4+ Kf4 42. Rd4+
Kf3 43. Re3#) 1-0

[Event "FIDE-Wch k.o."]
[Site "Moscow"]
[Date "2001.12.13"]
[Round "6.4"]
[White "Anand, Viswanathan"]
[Black "Ivanchuk, Vassily"]
[Result "0-1"]
[WhiteElo "2770"]
[BlackElo "2731"]
[Annotator "Ftacnik,L"]
[PlyCount "84"]
[EventDate "2001.11.27"]
[EventType "k.o."]
[EventRounds "7"]
[EventCountry "RUS"]
[SourceTitle "CBM 086"]
[Source "ChessBase"]
[SourceDate "2002.02.05"]
[SourceVersion "1"]
[SourceVersionDate "2002.02.05"]
[SourceQuality "1"]

1. e4 c5 2. Nf3 Nc6 3. Nc3 e5 4. Bc4 d6 5. d3 Be7 6. Nd2 Nf6 7. Nf1 Nd7 (7...
Bg4 8. f3 Be6 9. Ne3 O-O 10. O-O Rb8 (10... Nd7 11. Ncd5 (11. Ned5 Nb6 12. Nxb6
Qxb6 13. Nd5 Bxd5 14. Bxd5 Nb4 15. Bc4 Rad8 16. f4 exf4 17. Rxf4 d5 18. exd5
Nxd5 19. Rf5 {1-0 Kasparov,G-Babula,V/Prague 2001/ (54)}) (11. g3 Nb6 12. Ncd5
(12. f4 Nxc4 13. dxc4 exf4 14. gxf4 f5 15. exf5 Bc8 16. Ncd5 Nd4 17. b3 Nxf5
18. Bb2 Nxe3 19. Nxe3 Bf6 {1/2-1/2 Svidler,P-Lautier,J/Biel 2001/ (25)}) 12...
Nxc4 13. dxc4 g6 14. Bd2 f5 15. exf5 gxf5 16. f4 Bf6 17. Qh5 Qd7 18. Nxf6+ Rxf6
19. fxe5 dxe5 20. Ng4 fxg4 21. Rxf6 Qxd2 22. Rxe6 Qe3+ 23. Kh1 Qe4+ 24. Kg1
Qe3+ 25. Kh1 {1/2-1/2 Grischuk,A-Nedev,T/Panormo 2001/ (25)}) 11... Nb6 12.
Nxb6 axb6 13. Nd5 Na5 14. a4 Nxc4 15. dxc4 Bd7 16. Nc3 Bc6 17. Qd3 Qd7 18. b3
Rae8 19. Be3 Kh8 20. Rad1 Qe6 21. Nd5 {1-0 Hracek,Z-Antic,D/Herceg Novi 2001/ 
(38)}) 11. a3 Nd7 12. g3 Nb6 13. Ba2 Bg5 14. f4 exf4 15. gxf4 Bf6 16. Kh1 Bxc3
17. bxc3 Bxa2 18. Rxa2 d5 {0-1 Kutuzovic,B-Shariyazdanov,A/Zadar 1998/ (40)})
8. Nd5 Nb6 9. Nxb6 (9. Nfe3 Nxc4 10. Nxc4 Be6 $11) (9. Nxe7 Qxe7 10. Bb3 Nd4
$11) 9... axb6 (9... Qxb6 10. Ne3 $14) 10. c3 O-O 11. Ne3 Bg5 12. O-O Kh8 (
12... Be6 $5 13. Bb3 (13. Bd5 Bxd5 14. exd5 Ne7 15. c4 b5 $11) 13... Re8 $13)
13. Bd2 Bxe3 14. fxe3 (14. Bxe3 Be6 15. f4 exf4 16. Bxf4 d5 17. exd5 Bxd5 18.
Qh5 $14) 14... Qe7 15. Bd5 Be6 16. Qb3 Na5 17. Qc2 {White is comfortably
better, but finds it difficult to improve his position.} (17. Qxb6 $2 Ra6 18.
Qb5 Bd7 $19) 17... Qc7 18. h3 (18. c4 $5 Nc6 19. Rf3 Bxd5 20. exd5 Ne7 21. Qb3
$14) (18. Rf3 $6 c4 $1 19. d4 Bxd5 20. exd5 Nb3 $15) 18... h6 19. c4 Nc6 20.
Qd1 Bxd5 21. exd5 Ne7 22. a4 (22. Qh5 f5 23. a4 Qd7 24. b3 Rf6 25. d4 $1 $14)
22... f5 23. Bc3 $6 (23. Qh5 Rf6 24. b3 Raf8 25. Rf2 $14) 23... Rf7 24. Qb3 (
24. Qh5 Raf8 25. Rf2 $14) 24... Ng6 25. Rf2 Raf8 26. Raf1 f4 27. Bd2 (27. Qb5
Qe7 28. e4 f3 29. g3 Qc7 (29... Qg5 30. Kh2 Qe3 31. Qxb6 Qxd3 32. Qxd6 Qxe4 33.
Qxc5 Qd3 34. Re1 $16) 30. Kh2 $14) 27... f3 $1 {Anand faces serious problem,
but despite everything his chances were probably still quite promising.} 28.
Rxf3 $2 (28. gxf3 Qd7 29. Kh2 Rf5 $40) (28. g3 $1 Qd7 (28... e4 29. dxe4 Qe7
30. Bc3 $1 (30. Qxb6 $2 Ne5 31. b3 Nd3 $17) 30... Qxe4 31. Qxb6 Rd7 32. Qb3 $16
) 29. Kh2 Rf5 30. g4 R5f6 31. e4 $16) 28... Rxf3 29. gxf3 (29. Rxf3 Rxf3 30.
gxf3 Nh4 31. Qd1 Qf7 32. Kf2 Qf5 33. e4 Qxh3 34. Qe2 (34. Ke3 g5 $17) 34... g5
$17) 29... Qc8 30. Kh2 (30. Kg2 Nh4+ 31. Kg3 Rf6 32. Rf2 Qf5 33. f4 Rg6+ 34.
Kh2 Qh5 $19) 30... Rf5 31. f4 Rh5 32. f5 (32. Rf3 Qg4 33. Rg3 Qe2+ 34. Rg2 Qf3
35. Rg3 Qf2+ 36. Rg2 Rxh3+ $1 37. Kxh3 Qh4#) 32... Rxf5 33. Qd1 Qf8 34. Rxf5
Qxf5 35. Qe2 (35. e4 Qf2+ 36. Kh1 Nh4 $19) 35... e4 $1 {Black does an
excellent job with his dominating pieces, white's pawn structure will suffer
too much.} 36. Qg4 (36. dxe4 Qe5+ 37. Kh1 Qxb2 $1 (37... Qxe4+ $6 38. Qg2 Qd3
39. Bc3 Kh7 40. Qg4 $11) 38. Kg2 Qc2 $19) 36... Qxg4 37. hxg4 Ne5 38. Kg3 (38.
dxe4 Nf3+ 39. Kg2 Nxd2 40. e5 Nxc4 $19) 38... exd3 39. b3 g6 40. e4 h5 41. gxh5
(41. g5 h4+ 42. Kg2 h3+ 43. Kxh3 Nf3 44. Bc3+ Kg8 45. e5 dxe5 $19) 41... gxh5
42. Kf2 h4 (42... h4 43. Bf4 h3 44. Ke3 Kg7 $19) 0-1